Brit Awards - Best International Group - Statistics

General Stats
  • This quiz has been taken 81 times
  • The average score is 13 of 37
Answer Stats
Hint Answer % Correct
1988 U2
72%
1989 U2
72%
1990 U2
72%
1998 U2
72%
2001 U2
72%
2006 Green Day
56%
2007 The Killers
50%
1996 Bon Jovi
44%
2002 Destiny's Child
44%
2008 Foo Fighters
44%
2012 Foo Fighters
44%
2015 Foo Fighters
44%
2018 Foo Fighters
44%
1992 R.E.M.
38%
1993 R.E.M.
38%
1995 R.E.M.
38%
2003 Red Hot Chilli Peppers
34%
2011 Arcade Fire
31%
2014 Daft Punk
31%
1991 INXS
31%
2009 Kings Of Leon
31%
2023 Fontaines D.C.
25%
2004 The White Stripes
25%
1997 Fugees
22%
2019 The Carters
22%
1999 The Corrs
22%
2000 TLC
22%
1994 Crowded House
19%
2016 Tame Impala
19%
2021 Haim
16%
1987 The Bangles
16%
2017 A Tribe Called Quest
13%
2024 Boygenius
13%
1986 Huey Lewis & The News
13%
2005 Scissor Sisters
13%
2013 The Black Keys
13%
2022 Silk Sonic
9%
No matching quizzes found
Score Distribution
Percent of People with Each Score
Percentile by Number Answered
Your Score History
You have not taken this quiz